Zvyšovanie účinnosti finančného a rozpočtového mechanizmu v riadení vysokých škôl projekty realizačných výstupov čiatskovej výskumnej úlohy RŠ-I-06/04

Guardado en:
Detalles Bibliográficos
Formato: Libro
Lenguaje:eslovaco
Publicado: Bratislava VŠE 1987
Etiquetas: Agregar Etiqueta
Sin Etiquetas, Sea el primero en etiquetar este registro!

MARC

LEADER 00000nam a2200000 4500
001 c036633
005 20260326071537.7
041 0 |a slo 
044 |a SK 
245 1 0 |a Zvyšovanie účinnosti finančného a rozpočtového mechanizmu v riadení vysokých škôl  |b projekty realizačných výstupov čiatskovej výskumnej úlohy RŠ-I-06/04 
264 1 |a Bratislava  |b VŠE  |c 1987 
300 |a 81 s.